An overview of the national housing and mortgage markets in the UK (Record no. 74963)
[ view plain ]
| 000 -LEADER | |
|---|---|
| fixed length control field | 01169cam a2200265 4500 |
| 001 - CONTROL NUMBER | |
| control field | ABS68834 |
| 008 - FIXED-LENGTH DATA ELEMENTS--GENERAL INFORMATION | |
| fixed length control field | 050322n2005 000 0 eng u |
| 035 ## - SYSTEM CONTROL NUMBER | |
| System control number | (Sirsi) u129129 |
| 100 ## - MAIN ENTRY--PERSONAL NAME | |
| Personal name | Siebrits, J. |
| 245 #3 - TITLE STATEMENT | |
| Title | An overview of the national housing and mortgage markets in the UK |
| 260 ## - PUBLICATION, DISTRIBUTION, ETC. | |
| Date of publication, distribution, etc. | 2005 |
| 490 ## - SERIES STATEMENT | |
| Series statement | CML Housing Finance |
| Volume/sequential designation | (01/2005) February 2005, (17) |
| 520 ## - SUMMARY, ETC. | |
| Summary, etc. | Provides an overview of the housing and mortgage markets in England, Wales, Scotland and Northern Ireland for 2004. Draws out the significant differences between these markets but also brings together a wide range of information including demographics, tenure patterns, house prices and economic indicators to facilitate cross-country comparisons. Charts. References. View the article at www.cml.org.uk. |
| 590 ## - LOCAL NOTE (RLIN) | |
| Local note | ABS |
| 650 ## - SUBJECT ADDED ENTRY--TOPICAL TERM | |
| Topical term or geographic name entry element | HOUSE PRICES |
| 650 ## - SUBJECT ADDED ENTRY--TOPICAL TERM | |
| Topical term or geographic name entry element | HOUSING POLICY |
| 650 ## - SUBJECT ADDED ENTRY--TOPICAL TERM | |
| Topical term or geographic name entry element | ENGLAND |
| 650 ## - SUBJECT ADDED ENTRY--TOPICAL TERM | |
| Topical term or geographic name entry element | WALES |
| 650 ## - SUBJECT ADDED ENTRY--TOPICAL TERM | |
| Topical term or geographic name entry element | SCOTLAND |
| 650 ## - SUBJECT ADDED ENTRY--TOPICAL TERM | |
| Topical term or geographic name entry element | NORTHERN IRELAND |
| 690 ## - LOCAL SUBJECT ADDED ENTRY--TOPICAL TERM (OCLC, RLIN) | |
| Topical term or geographic name as entry element | HOUSING-FINANCE |
| 700 ## - ADDED ENTRY--PERSONAL NAME | |
| Personal name | Smith, J. |
| 856 ## - ELECTRONIC LOCATION AND ACCESS | |
| Uniform Resource Identifier | <a href="https://www.cml.org.uk/cml/filegrab/pdf_pub_hf_01-2005.pdf.pdf?ref=3261">https://www.cml.org.uk/cml/filegrab/pdf_pub_hf_01-2005.pdf.pdf?ref=3261</a> |
| Public note | View the article on the CML website... |
| 942 ## - ADDED ENTRY ELEMENTS (KOHA) | |
| Suppress in OPAC | 0 |
| Withdrawn status | Lost status | Source of classification or shelving scheme | Damaged status | Not for loan | Home library | Current library | Shelving location | Date acquired | Total Checkouts | Full call number | Barcode | Date last seen | Copy number | Price effective from | Koha item type |
|---|---|---|---|---|---|---|---|---|---|---|---|---|---|---|---|
| Dewey Decimal Classification | London | London | Journal article | 22/03/2005 | ABS68834 | 129129-1001 | 06/08/2019 | 1 | 06/08/2019 | Journal article |